Manual de derecho administrativo
Αποθηκεύτηκε σε:
| Κύριος συγγραφέας: | |
|---|---|
| Μορφή: | Βιβλίο |
| Γλώσσα: | Ισπανικά |
| Έκδοση: |
Madrid
Fareso
1980
|
| Έκδοση: | 5a. ed |
| Θέματα: | |
| Ετικέτες: |
Προσθήκη ετικέτας
Δεν υπάρχουν, Καταχωρήστε ετικέτα πρώτοι!
|
MARC
| LEADER | 00000nam a2200000 a 4500 | ||
|---|---|---|---|
| 001 | UCS0692 | ||
| 003 | CL-VaPUC | ||
| 008 | 970426e19800000SP |||||||||||||||||spa|d | ||
| 082 | 0 | 4 | |a 342.06 |b MAR |2 21 |
| 100 | |a Martín Mateo, Ramón |e autor |9 561628 | ||
| 245 | 1 | 0 | |a Manual de derecho administrativo |
| 250 | |a 5a. ed | ||
| 300 | |a 561 p | ||
| 942 | |c BK | ||
| 945 | |d 19970426 00:00:00 |a lriquelm | ||
| 260 | |a Madrid |b Fareso |c 1980 | ||
| 650 | 0 | |a Derecho administrativo |9 254851 | |
| 650 | 0 | |a Fuentes del derecho |9 255162 | |
| 650 | 7 | |a ORGANIZACION ADMINISTRATIVA |2 CL-VaPUC |9 257438 | |
| 650 | 7 | |a GOBIERNO Y ADMINISTRACION |2 CL-VaPUC |9 258649 | |
| 650 | 7 | |a EMPLEADOS PUBLICOS |2 CL-VaPUC |9 256133 | |
| 650 | 0 | |a Actos administrativos |9 256128 | |
| 650 | 7 | |a EXPROPIACION |2 CL-VaPUC |9 360440 | |
| 650 | 7 | |a PROCEDIMIENTO |2 CL-VaPUC |9 384486 | |
| 650 | 0 | |a Responsabilidad administrativa |9 256129 | |
| 583 | |a last modification |c 19970426 00:00:00 |k Rodrigo Vera | ||
| 999 | |c 258909 |d 258907 | ||
| 952 | |0 0 |1 0 |4 0 |6 342_060000000000000_MAR_1980 |7 0 |8 A |9 283303 |a BIBDER |b BIBDER |d 2019-11-19 |i 1834568 |o 342.06 MAR 1980 |p 1834568 |r 2023-01-25 |w 2019-11-19 |y BK |k DER | ||